000 00580nam a22001817a 4500
003 UA-OsUOA
001 9232
007 ta
008 20041028b un ||||| |||| 00| 0 ukr d
100 _aПилипенко П.
942 _cSA
040 _aUA-OsUOA
_cUA-OsUOA
_dUA-OsUOA
245 _aПраво соціального забезпечення у системі соціального права
300 _aС.97-100
955 _a0
773 0 _w0
_tПраво України
_dКиїв
_d2004
_gN10
650 7 _aПраво соціального забезпечення
_2UDC
999 _c295393
_d295393